000 00649nam a2200253Ia 4500
003 OSt
005 20221006143348.0
006 a|||||r|||| 00| 0
007 ta
008 221006b |||||||| |||| 00| 0 eng d
020 _c113.40(total)
024 _a8,771
037 _cTextual
040 _aEASL
_cEASL
_beng
041 _2eng
_aeng
082 _aW.42.N5, K2;3
100 _aMAKI Jhon M
_9649699
245 0 _aGovernment and politics in Japan
260 _aLondon
_bThames and Hudson
_c1962
300 _a275p.
_ccm.
490 _v TB
942 _hW.42.N5, K2;3
_cTEXL
_2CC
999 _c1076857
_d1076857